عرض عادي
عرض مارك
- PaL, Pravati
مدخل إسم شخص
001 - رقم الضبط
- حقل الضبط: 64200
003 - معرف رقم الضبط
- حقل الضبط: OSt
005 - تاريخ ووقت أخر عملية
- حقل الضبط: 20180816142351.0
008 - عناصر بيانات ثابتة الطول
- حقل تحكم ثابت الطول: 180816|| aca||aabn | a|a d
040 ## - مصدر الفهرسة
- هيئة الفهرسة الأصلية: OSt
- وكالة الكتابة: OSt
100 ## - مدخل -- أسم شخص
- إسم شخص: PaL, Pravati
670 ## - بيانات المصدر موجوده
- الاستشهاد بالمصدر: Work cat.: (OSt)0: Pal, G K 64197, Textbook of Practical Physiology /, 2010
